Statistics for New Countries since 1990

Click here to take the quiz!

General Stats

  • This quiz has been taken 244 times
  • The average score is 24 of 34

Answer Stats

YearCountry% Correct
1991Estonia
90%
2008Kosovo
90%
1991Latvia
90%
2011South Sudan
90%
1992Bosnia & Herzegovina
89%
1991Lithuania
89%
2006Serbia
89%
1991Croatia
87%
2006Montenegro
86%
1993Slovakia
86%
1991Slovenia
86%
1991Ukraine
85%
1991Belarus
84%
1993Czech Republic
84%
1991Armenia
81%
1991Moldova
81%
1991Turkmenistan
80%
1991Uzbekistan
80%
1991Azerbaijan
79%
1991Georgia
79%
1991Kazakhstan
79%
1991Macedonia
78%
1991Tajikistan
77%
1991Russia
74%
1991Kyrgyzstan
68%
2002East Timor
65%
1991Germany
62%
1993Eritrea
50%
1997Dem. Rep. of the Congo
38%
1994Palau
33%
1990Yemen
31%
1990Namibia
27%
1991Marshall Islands
23%
1991Micronesia
23%

Score Distribution

Percentile by Number Answered

Percent of People with Each Score

Your Score History

You have not taken this quiz